|
|
|
|
| LEADER |
00000nam a2200000 a 4500 |
| 001 |
vtls001367758 |
| 003 |
SK-MaSNL |
| 005 |
20260301070824.0 |
| 008 |
240315s1986 HU 0 hun |
| 035 |
|
|
|a SNK000321448
|
| 040 |
|
|
|a SNK
|b slo
|c SNK
|e AACR2
|
| 041 |
0 |
|
|a hun
|
| 044 |
|
|
|a HU
|
| 080 |
|
|
|a 025.85
|2 1981
|
| 100 |
1 |
|
|a Kastaly, Beatrix
|4 aut
|9 387658
|
| 245 |
1 |
|
|a A könyvtári állomány védelme és megovásá
|c Beatrix Kastaly
|
| 260 |
|
|
|a Budapest
|b OSzK
|c 1986
|
| 300 |
|
|
|a 167 s. v prebale
|c 4°
|
| 650 |
0 |
7 |
|a fondy knižničné
|x ochrana
|x príručky
|2 SNK
|9 387659
|
| 958 |
|
|
|a RK
|
| 958 |
|
|
|a OND
|
| 999 |
|
|
|c 635608
|d 637538
|
| 952 |
|
|
|t P60, <04>, [BOOK], {604}
|a SNK
|b SNK
|y VYP
|7 0
|p 17A0215537
|o snkIB 58623
|i snkV 2571/87
|0 0
|1 0
|4 0
|d 1999-07-12
|l 0
|r 2005-01-02 00:00:00
|w 2026-02-23
|
| 952 |
|
|
|t P60, <04>, [BOOK], {604}
|a SNK
|b SNK
|y VYP
|7 0
|p 17A0243704
|o snkIB 58623 D1
|0 0
|1 1
|4 0
|d 2000-06-12
|l 0
|r 2005-01-02 00:00:00
|w 2026-02-23
|